000 00605cab a2200217 4500
001 ABS41644
008 090401t1989 xxu||||| |||| 00| 0 eng d
035 _a(Sirsi) u31385
041 _aeng
100 _aCornes, D.
245 _aSimplifying liability law
260 _c1989
350 _a0
490 _aNew Builder
_v(11) 23 November 1989, 28(1)
520 _aBriefly assesses the recommendations of a recent DTI report on professional liability in the building industry .
650 _aDAMAGES
650 _aNEGLIGENCE
690 _aBUILT ENVIRONMENT
942 _n0
948 _c04/03/1997
999 _c21072
_d21072